Cargando...
Correspondence with the government 1944-47 /
| Autor Principal: | |
|---|---|
| Formato: | Printed Book |
| Idioma: | English |
| Publicado: |
Ahmedabad :
Navajivan,
1959.
|
| LEADER | 00478nam a2200133Ia 4500 | ||
|---|---|---|---|
| 008 | 150624b xxu||||| |||| 00| 0 eng d | ||
| 082 | |a 320.55G092 | ||
| 100 | |a Gandhi, M. K. | ||
| 245 | |a Correspondence with the government 1944-47 / |c M. K. Gandhi | ||
| 260 | |a Ahmedabad : |b Navajivan, |c 1959. | ||
| 300 | |a 375 p. | ||
| 942 | |c BK | ||
| 999 | |c 34471 |d 34471 | ||
| 952 | |0 0 |1 0 |4 0 |6 320_000000000000000_55G092_GAN_C |7 0 |9 34470 |a UL |b UL |c ST2 |d 1998-08-28 |l 0 |o 320.55G092 GAN/C |p 47286 |r 2012-10-27 |w 2012-10-27 |y BK | ||